LDR 01109naa#a2200193#i#450# 001 RU\INFRA-M\bibl\126775 005 20260705162001.7 011 ## _a2305-7807 100 ## _a20260430b2026####ek#y0rusy0150####ca 102 ## _aRU 200 1# _aМЕТОДИКА ДИАГНОСТИКИ ПРОФЕССИОНАЛЬНОГО ВЫГОРАНИЯ ПЕРСОНАЛА ИННОВАЦИОННЫХ IT-ОРГАНИЗАЦИЙ ПРИ УДАЛЕННОЙ РАБОТЕ _eЖурнальная статья 210 1# _aМосква _cОбщество с ограниченной ответственностью «Научно-издательский центр ИНФРА-М» _d2026 215 ## _a7 с. 608 ## _aЖурнальная статья _2local 675 ## _aИзучение проблемы организации: методология, анализ, синтез, классификация и таксономия (теория, основы), систематизация в целом. 005 _z 700 #1 _aЕгорова _gЕ. А. 700 #1 _aСинявина _gМ. П. 700 #1 _aБаранова _gТ. И. 856 4# _azh-szf.ru _u